书目信息 |
| 题名: |
手机使用与维修
|
|
| 作者: | 刘福太 , 张立民 , 刘华章 编著 | |
| 分册: | ||
| 出版信息: | 北京 新时代出版社 2000.08 |
|
| 页数: | 252页 | |
| 开本: | 26cm | |
| 丛书名: | 现代办公设备使用与维修系列丛书 | |
| 单 册: | ||
| 中图分类: | TN929.53 | |
| 科图分类: | ||
| 主题词: | 移动通信--携带电话机--使用 , 移动通信--携带电话机--维修 | |
| 电子资源: | ||
| ISBN: | 7-5042-0520-6 | |
| 000 | 01231nam 2200277 450 | |
| 001 | 010256250106 | |
| 005 | 20050822143701.28 | |
| 010 | @a7-5042-0520-6@d23.00CNY | |
| 100 | @a20050608d2000 km y0chiy0120 ea | |
| 101 | 0 | @achi |
| 102 | @aCN@b110000 | |
| 105 | @aa z 000yy | |
| 200 | 1 | @a手机使用与维修@Ashou ji shi yong yu wei xiu@f刘福太, 张立民, 刘华章等编著@Fliu fu tai,zhang li min,liu hua zhang deng bian zhu |
| 210 | @a北京@c新时代出版社@d2000.08 | |
| 215 | @a252页@c图@d26cm | |
| 225 | 2 | @a现代办公设备使用与维修系列丛书@Axian dai ban gong she bei shi yong yu wei xiu xi lie cong shu |
| 330 | @a本书简单介绍了模拟蜂窝移动通信系统和全球数字蜂窝移动通信系统(GSM)的基本原理,以及手机的维护、使用和维修的基本知识;介绍了摩托罗拉、爱立信、诺基亚、西门子,以及飞利浦、松下、三星等公司生产的主流手机的使用方法、工作原理、故障原因及维修方法,并给出了大量的维修实例。 | |
| 410 | 0 | @12001 @a现代办公设备使用与维修系列丛书 |
| 606 | 0 | @a移动通信@x携带电话机@x使用 |
| 606 | 0 | @a移动通信@x携带电话机@x维修 |
| 690 | @aTN929.53@v4 | |
| 701 | 0 | @a刘福太@Aliu fu tai@4编著 |
| 701 | 0 | @a张立民@Azhang li min@4编著 |
| 701 | 0 | @a刘华章@Aliu hua zhang@4编著 |
| 801 | 0 | @aCN@bQSSK@c20050822 |
| 905 | @a10447@dTN929.53@eL616 | |
| 手机使用与维修/刘福太, 张立民, 刘华章等编著.-北京:新时代出版社,2000.08 |
| 252页:图;26cm.-(现代办公设备使用与维修系列丛书) |
| ISBN 7-5042-0520-6:23.00CNY |
| 本书简单介绍了模拟蜂窝移动通信系统和全球数字蜂窝移动通信系统(GSM)的基本原理,以及手机的维护、使用和维修的基本知识;介绍了摩托罗拉、爱立信、诺基亚、西门子,以及飞利浦、松下、三星等公司生产的主流手机的使用方法、工作原理、故障原因及维修方法,并给出了大量的维修实例。 |
| ● |
| 相关链接 |
|
|
|
正题名:手机使用与维修
索取号:TN929.53/L616
 
预约/预借
| 序号 | 登录号 | 条形码 | 馆藏地/架位号 | 状态 | 备注 |
| 1 | 564684 | 205646844 | 自科二线504/504自科库 13排3列4层/ [索取号:TN929.53/L616] | 在馆 | |
| 2 | 564685 | 205646853 | 自科二线400A/400A自科库 3排1列5层/ [索取号:TN929.53/L616] | 在馆 | |
| 3 | 564686 | 205646862 | 自科二线400A/400A自科库 3排1列5层/ [索取号:TN929.53/L616] | 在馆 |